[Event "GER-chT U16"]
[Site "Magdeburg"]
[Date "2019.12.28"]
[Round "4.10"]
[White "Rabenstein, Jonathan"]
[Black "Vuckovic, Katarina"]
[Result "0-1"]
[WhiteElo "1382"]
[BlackElo "1309"]
[PlyCount "80"]
[EventDate "2019.12.27"]
[EventType "team-swiss"]
[EventRounds "7"]
[EventCountry "GER"]
[SourceTitle "CBM 194 Extra"]
[Source "ChessBase"]
[SourceDate "2020.03.31"]
[SourceVersion "1"]
[SourceVersionDate "2020.03.31"]
[SourceQuality "1"]
[WhiteTeam "Magdeburg USC"]
[BlackTeam "Augsburg"]
[WhiteTeamCountry "GER"]
[BlackTeamCountry "GER"]

1. e4 c5 2. Nc3 Nc6 3. f4 e6 4. Nf3 d6 5. Bb5 Bd7 6. Bxc6 Bxc6 7. d3 Nf6 8. 0-0 Be7 9. Qe1 b5 10. Qg3 b4 11. Ne2 0-0 12. e5 Ne8 13. Qg4 Qc7 14. d4 Be4 15. c3 Bf5 16. Qg3 f6 17. Nh4 fxe5 18. Nxf5 exf5 19. dxe5 g6 20. h4 Ng7 21. Be3 a5 22. Rad1 Rfe8 23. Kf2 Bf8 24. exd6 Bxd6 25. Rh1 Nh5 26. Qf3 Re4 27. Ng3 Nxg3 28. Kxg3 Rae8 29. Rhf1 Rxe3 30. cxb4 Rxf3+ 31. Rxf3 axb4 32. Rdf1 c4 33. Kh2 c3 34. bxc3 bxc3 35. g3 Re2+ 36. Kg1 c2 37. Rc1 Rd2 38. Rff1 Qc5+ 39. Kh1 Qd5+ 40. Kg1 Qg2# 0-1

[Event "Landesliga Sued U20 1819"]
[Site "Bayern"]
[Date "2019.02.09"]
[Round "7.2"]
[White "Mueller, Daniel3333"]
[Black "Vuckovic, Katarina"]
[Result "1-0"]
[WhiteElo "1628"]
[BlackElo "1484"]
[PlyCount "71"]
[EventDate "2018.11.17"]
[EventType "team-tourn"]
[EventRounds "7"]
[EventCountry "GER"]
[SourceTitle "EXT 2022"]
[Source "ChessBase"]
[SourceDate "2021.10.06"]
[SourceVersion "1"]
[SourceVersionDate "2021.10.06"]
[SourceQuality "1"]
[WhiteTeam "Garching U20"]
[BlackTeam "Augsburg SF U20 II"]
[WhiteTeamCountry "GER"]
[BlackTeamCountry "GER"]

1. e4 c5 2. d4 cxd4 3. c3 dxc3 4. Nxc3 e6 5. Nf3 Nc6 6. Bc4 Nf6 7. 0-0 Be7 8. Qe2 0-0 9. Rd1 a6 10. e5 Ne8 11. Qe4 d5 12. exd6 Nxd6 13. Qg4 Qc7 14. Qg3 Rd8 15. Bb3 e5 16. Bh6 Nf5 17. Rxd8+ Bxd8 18. Nd5 Qb8 19. Qg4 Nxh6 20. Qc4 Na5 21. Qa4 b5 22. Qb4 Nxb3 23. axb3 Be6 24. Rd1 a5 25. Qc5 Qb7 26. Nxe5 Rc8 27. Nf4 Bb6 28. Qd6 Bxb3 29. Re1 Rd8 30. Nd7 Ba7 31. Nf6+ gxf6 32. Qxd8+ Kg7 33. Nh5+ Kg6 34. Qxf6+ Kxh5 35. Re5+ Kg4 36. Qg5# 1-0

[Event "GER-chT U14"]
[Site "Verden an der Aller"]
[Date "2017.12.28"]
[Round "3.3"]
[White "Tham, Nam"]
[Black "Vuckovic, Katarina"]
[Result "1-0"]
[WhiteElo "1818"]
[BlackElo "1506"]
[PlyCount "65"]
[EventDate "2017.12.26"]
[EventType "team-swiss"]
[EventRounds "7"]
[EventCountry "GER"]
[SourceTitle "CBM 182 Extra"]
[Source "ChessBase"]
[SourceDate "2018.02.23"]
[SourceVersion "1"]
[SourceVersionDate "2018.02.23"]
[SourceQuality "1"]
[WhiteTeam "Weisse Dame"]
[BlackTeam "Augsburg"]
[WhiteTeamCountry "GER"]
[BlackTeamCountry "GER"]

1. e4 c5 2. Nf3 Nc6 3. d4 cxd4 4. Nxd4 Qb6 5. Nxc6 bxc6 6. Nc3 e6 7. Bd3 d5 8. 0-0 Nf6 9. Qf3 Bd6 10. Re1 Qb8 11. h3 0-0 12. Bg5 Nd7 13. exd5 cxd5 14. Qh5 g6 15. Qh4 Be5 16. f4 Bg7 17. f5 exf5 18. Nxd5 Qxb2 19. Kh1 Qd4 20. Ne7+ Kh8 21. Qg3 Bb7 22. Qc7 Rab8 23. Rad1 Qf2 24. Bf1 Bd4 25. Qh2 Bc3 26. Re2 Qc5 27. Rxd7 Ba6 28. Rc7 Qd4 29. Rxc3 Qxc3 30. Qd6 f6 31. Bd2 Rbd8 32. Qxd8 Rxd8 33. Bxc3 1-0

[Event "GER-chT U14"]
[Site "Verden an der Aller"]
[Date "2017.12.28"]
[Round "4.3"]
[White "Vuckovic, Katarina"]
[Black "Schneider, Daniel3333"]
[Result "0-1"]
[WhiteElo "1506"]
[BlackElo "1545"]
[PlyCount "78"]
[EventDate "2017.12.26"]
[EventType "team-swiss"]
[EventRounds "7"]
[EventCountry "GER"]
[SourceTitle "CBM 182 Extra"]
[Source "ChessBase"]
[SourceDate "2018.02.23"]
[SourceVersion "1"]
[SourceVersionDate "2018.02.23"]
[SourceQuality "1"]
[WhiteTeam "Augsburg"]
[BlackTeam "Brackel"]
[WhiteTeamCountry "GER"]
[BlackTeamCountry "GER"]

1. e4 e5 2. Nf3 Nc6 3. d4 exd4 4. Bc4 Nf6 5. e5 d5 6. Bb5 Ne4 7. Nxd4 Bd7 8. Bxc6 bxc6 9. 0-0 Bc5 10. Nf3 Bg4 11. Qe2 0-0 12. c4 Re8 13. cxd5 cxd5 14. Nbd2 Rxe5 15. Qd3 Re8 16. Nd4 Nxd2 17. Bxd2 Bd6 18. Nf3 c6 19. Ng5 g6 20. Qd4 h5 21. Rfe1 Be7 22. Bc3 f6 23. Ne6 Qd6 24. Nf4 Kf7 25. h3 Bf5 26. Re2 Qc5 27. Rxe7+ Qxe7 28. Re1 Qd6 29. Rxe8 Rxe8 30. Qxa7+ Re7 31. Qd4 c5 32. Qxd5+ Qxd5 33. Nxd5 Re6 34. a4 Rd6 35. Ne3 Bd3 36. a5 c4 37. g3 Be4 38. h4 g5 39. hxg5 fxg5 0-1

[Event "Regionalliga Sued 1617 (Women)"]
[Site "Germany"]
[Date "2017.01.22"]
[Round "3.3"]
[White "Vuckovic, Katarina"]
[Black "Nieberle, Cornelia"]
[Result "0-1"]
[WhiteElo "1355"]
[BlackElo "1740"]
[PlyCount "96"]
[EventDate "2016.10.23"]
[EventType "team-tourn"]
[EventRounds "5"]
[EventCountry "GER"]
[SourceTitle "EXT 2018"]
[Source "ChessBase"]
[SourceDate "2017.10.13"]
[SourceVersion "1"]
[SourceVersionDate "2017.10.13"]
[SourceQuality "1"]
[WhiteTeam "Augsburg SF (W)"]
[BlackTeam "Neuperlach (W)"]
[WhiteTeamCountry "GER"]
[BlackTeamCountry "GER"]

1. e4 e5 2. Nf3 Nc6 3. d4 exd4 4. Bc4 Bb4+ 5. c3 dxc3 6. 0-0 d6 7. a3 Bc5 8. b4 Bb6 9. Nxc3 Bg4 10. h3 Bxf3 11. Qxf3 Ne5 12. Qe2 Nxc4 13. Qxc4 Nf6 14. Re1 0-0 15. Bb2 Qd7 16. Nd5 Nxd5 17. exd5 Qf5 18. Re2 Rfe8 19. Rae1 Rxe2 20. Rxe2 Kf8 21. Qc3 f6 22. a4 a5 23. b5 Qxd5 24. Qc2 Qh5 25. Kf1 Qg6 26. Qd1 Re8 27. Rd2 Qf5 28. Bd4 Bxd4 29. Rxd4 Qc5 30. Qd2 h6 31. Kg1 b6 32. Qd1 Qe5 33. Rc4 Qe1+ 34. Qxe1 Rxe1+ 35. Kh2 Re7 36. g3 Ke8 37. Kg2 Kd7 38. f3 d5 39. Rc2 Kd6 40. Kf2 d4 41. h4 Kd5 42. g4 d3 43. Rd2 Kd4 44. Ra2 Kc3 45. Ra3+ Kc2 46. Ra2+ Kb3 47. Ra1 d2 48. Rd1 Kc2 0-1

[Event "Landesliga U20 Nord 1516"]
[Site "Bayern"]
[Date "2016.02.27"]
[Round "7.3"]
[White "Sammet, Dominik"]
[Black "Vuckovic, Katarina"]
[Result "1-0"]
[WhiteElo "1760"]
[BlackElo "1378"]
[PlyCount "93"]
[EventDate "2015.11.21"]
[EventType "team-tourn"]
[EventRounds "7"]
[EventCountry "GER"]
[SourceTitle "EXT 2022"]
[Source "ChessBase"]
[SourceDate "2021.10.06"]
[SourceVersion "1"]
[SourceVersionDate "2021.10.06"]
[SourceQuality "1"]
[WhiteTeam "Bavaria Regensburg U20"]
[BlackTeam "Augsburg SF U20"]
[WhiteTeamCountry "GER"]
[BlackTeamCountry "GER"]

1. e4 e6 2. d4 d5 3. e5 c5 4. c3 Qb6 5. Nf3 Bd7 6. Be2 Bb5 7. 0-0 Bxe2 8. Qxe2 Nc6 9. Be3 cxd4 10. cxd4 Nge7 11. Nc3 Nf5 12. Rad1 Be7 13. a3 0-0 14. b4 a6 15. Qd3 f6 16. Nxd5 exd5 17. Qxf5 Rad8 18. Qg4 a5 19. Bh6 g6 20. Bxf8 f5 21. Qf4 Rxf8 22. bxa5 Qxa5 23. Rb1 b5 24. Qc1 Rc8 25. Qb2 b4 26. axb4 Bxb4 27. Qa1 Qd8 28. Qa4 Qb6 29. Rfc1 Qb7 30. h3 h6 31. Rxb4 Nxb4 32. Rxc8+ Qxc8 33. Qxb4 Qc1+ 34. Qe1 Qc4 35. Kh2 g5 36. Qb1 Qc8 37. Qb6 Kg7 38. Qf6+ Kh7 39. e6 Qe8 40. e7 Kg8 41. Ne5 f4 42. Ng6 h5 43. Qf8+ Qxf8 44. exf8Q+ Kh7 45. Qf7+ Kh6 46. Ne5 g4 47. Qg6# 1-0